WINING AND WORKING MINE VENTILATION, EXPLOSIONS FIRES AND INUNDATION [VOL-1] (Record no. 8443)

MARC details
000 -LEADER
fixed length control field 00417nam a22001577a 4500
005 - DATE AND TIME OF LATEST TRANSACTION
control field 20231103123225.0
008 - FIXED-LENGTH DATA ELEMENTS--GENERAL INFORMATION
fixed length control field 231103b |||||||| |||| 00| 0 eng d
041 ## - LANGUAGE CODE
Language code of text/sound track or separate title eng
082 ## - DEWEY DECIMAL CLASSIFICATION NUMBER
Classification number 622.14
100 ## - MAIN ENTRY--AUTHOR NAME
Personal name UNIVERSAL MINING SCHOOL
245 ## - TITLE STATEMENT
Title WINING AND WORKING MINE VENTILATION, EXPLOSIONS FIRES AND INUNDATION [VOL-1]
260 ## - PUBLICATION, DISTRIBUTION, ETC. (IMPRINT)
Place of publication GT . BRITAIN
Name of publisher U.M.S
300 ## - PHYSICAL DESCRIPTION
Number of Pages 165;p
650 ## - SUBJECT ADDED ENTRY--TOPICAL TERM
Topical Term MINING
942 ## - ADDED ENTRY ELEMENTS (KOHA)
Koha item type Books
Holdings
Lost status Damaged status Collection code Home library Current library Shelving location Date acquired Source of acquisition Cost, normal purchase price Full call number Accession Number Koha item type
    MINING JRU Library JRU Library SHELF-94-C 03/11/2023 PURCHASE [LBI000225/29-10-2023] 3000.00 622.14 28036 Books
    MINING JRU Library JRU Library SHELF-94-C 03/11/2023 PURCHASE [LBI000225/29-10-2023] 3000.00 622.14 28037 Books
    MINING JRU Library JRU Library SHELF-94-C 03/11/2023 PURCHASE [LBI000225/29-10-2023] 3000.00 622.14 28038 Books